000 00434nam a22001691a 4500
001 5913
003 OSt
005 20260204212033.0
008 060216s1985||||ja ||||||b||||||||||spa||
050 _a652 H629c
245 _aHistoria cultural del Japón: una perspectiva / Yataka Tazawa
250 _a2
264 _aJapón : Menisterio de Relaciones Exteriores
300 _a120 p
650 _a1.Historia - JaponÌ
942 _2ddc
_cBK
999 _c5913
_d5913